| 000 | nam a22 a 4500 | ||
|---|---|---|---|
| 999 |
_c134231 _d134231 |
||
| 003 | BLK | ||
| 005 | 20211220101326.0 | ||
| 008 | 180409b bul|||||r ||||||| ||bul|| | ||
| 010 | _aKNG00140138000 | ||
| 040 | _aBLK | ||
| 041 |
_aBUL _cBUL |
||
| 080 |
_aНемска литература _b821.112.2 _x-31 _z821.112.2-31 |
||
| 100 | 1 |
_aГрегор, Манфред _eпърви автор _9324306 |
|
| 139 |
_aГрегор, Манфред _bГ 79 |
||
| 245 | 1 | 0 |
_aМостът _bРоман _cМанфред Грегор; прев. от нем. Спас Николов Мулешков. |
| 257 | _aDEU | ||
| 260 |
_bНС ОФ _c1961 _aСофия |
||
| 300 |
_a191 с. _c20 см |
||
| 380 | _aX | ||
| 700 | 1 |
_aМулешков, Спас Николов _eпрев. от нем. _9324307 |
|
| 852 |
_aЦб 19124 _bЦб |
||
| 942 |
_cKNG _n0 _s1 |
||
| 944 |
_aCR _c21.09.2016 _kТеодора_Стоянова |
||
| 944 |
_aED _c2021-12-20 _kРенета Константинова |
||